|
|
|
|
| LEADER |
00000nab a2200000 a 4500 |
| 001 |
vtls000478946 |
| 003 |
SK-MaSNL |
| 005 |
20260318132324.0 |
| 008 |
120927c1992 xo 0 eng |
| 015 |
|
|
|a SNBRA19rr/mm-uuuuu
|
| 035 |
|
|
|a CL0479081
|
| 040 |
|
|
|a SNKBUCL
|b slo
|c SNKBUCL
|e AACR2
|
| 041 |
0 |
|
|a eng
|
| 044 |
|
|
|a xo
|c SK
|
| 080 |
|
|
|a 677.4.467:664
|2 1981
|
| 100 |
1 |
|
|a Parigvozdeva, D.
|4 aut
|9 1212842
|
| 245 |
1 |
0 |
|a Influence of sodium vinylsulphonate on the kinetics of saponification of cellulose xanthate in sulphuric acid medium
|c D. Parigvozdeva, N. Simeonov, E. Valčeva
|
| 300 |
|
|
|b Tab. 1
|
| 650 |
0 |
7 |
|a potravinársky priemysel
|2 snkbucl
|9 974
|
| 650 |
0 |
7 |
|a vlákna celulózové
|2 snkbucl
|9 970620
|
| 655 |
|
7 |
|a články zo zborníkov
|2 snkbucl
|9 166140
|
| 700 |
1 |
|
|a Simeonov, N.
|4 aut
|9 955272
|
| 700 |
1 |
|
|a Valčeva, E.
|4 aut
|9 1212843
|
| 773 |
0 |
|
|t Chemické vlákna
|d Svit : Výsk. ústav chemických vláken, 1992
|g S. 67-69
|z 8023302426
|
| 850 |
|
|
|a Slovenská národná knižnica v Martine
|a MTA001
|
| 852 |
|
|
|a SNK
|b KIS3GCP
|
| 958 |
|
|
|a RK
|
| 992 |
|
|
|a RZB
|
| 999 |
|
|
|c 2122012
|d 2123942
|